Aeneae Sylvii piccolominei senensis, qui post adeptum pontificatum pius eius nominis secundus appellatus, est Opera quae extant omnia

Detalles Bibliográficos
Autor principal: Sylvius Aeneaeus
Formato: Libro
Lenguaje:Undetermined
Latin
Publicado: Basileae : [per Henrichum Petri Mense], 1551.
Edición:Nunc denum post corruptísimas editiones summa diligentia castigata & in unum corpus redacta, quorum elenchum versa pagella indicabit
Materias:
Colección:Banco de datos
Acervo:Biblioteca Palafoxiana. Colección bibliográfica
Descripción Física:[110], 1034, [30] p. ; f°
Tema general:Historia civil - Obras
Notas:Impresor y fecha de impresión tomados del colofón. Ex libris manuscrito: rúbrica. Número de localización: 24447
LEADER 00860nam a2200181Ia 4500
008 150723s9999 xx 000 0 und d
041 0 |a lat 
050 0 |a PAFX D20 S9 
100 1 |a Sylvius Aeneaeus 
245 1 0 |a Aeneae Sylvii piccolominei senensis, qui post adeptum pontificatum pius eius nominis secundus appellatus, est Opera quae extant omnia 
250 |a Nunc denum post corruptísimas editiones summa diligentia castigata & in unum corpus redacta, quorum elenchum versa pagella indicabit 
260 |a Basileae : [per Henrichum Petri Mense], 1551. 
300 |a [110], 1034, [30] p. ; f° 
500 |a Impresor y fecha de impresión tomados del colofón. Ex libris manuscrito: rúbrica. Número de localización: 24447 
650 1 0 |a Historia civil - Obras 
942 |c PALALIB 
943 |g Biblioteca Palafoxiana. Colección bibliográfica 
999 |c 1052053  |d 1052053